[Event "San Cristobal op 5th"]
[Site "San Cristobal de La Laguna"]
[Date "2023.08.31"]
[Round "7"]
[White "Roeder, Mathias"]
[Black "Rodriguez Falcon, Jesus Manuel"]
[Result "1-0"]
[WhiteElo "2335"]
[BlackElo "1973"]
[PlyCount "49"]
[EventDate "2023.08.26"]
[EventType "swiss"]
[EventRounds "9"]
[EventCountry "ESP"]
[SourceTitle "EXT 2024"]
[Source "ChessBase"]
[SourceDate "2023.10.10"]
[SourceVersion "1"]
[SourceVersionDate "2023.10.10"]
[SourceQuality "1"]

1. Nf3 d5 2. g3 g6 3. c4 c6 4. Qa4 Bg7 5. cxd5 Qxd5 6. Nc3 Qd8 7. Bg2 Nf6 8. 0-0 0-0 9. d3 Nbd7 10. Rd1 Nb6 11. Qc2 Re8 12. e4 e5 13. h3 Qe7 14. Be3 Nbd7 15. Rac1 b6 16. d4 exd4 17. Bxd4 Bb7 18. e5 Nd5 19. Nxd5 cxd5 20. Qc7 Rab8 21. Qd6 Nxe5 22. Bxe5 Qxd6 23. Bxd6 Rbc8 24. Rxc8 Rxc8 25. Be5 1-0

[Event "San Cristobal op 5th"]
[Site "San Cristobal de La Laguna"]
[Date "2023.08.29"]
[Round "5"]
[White "Estremera Panos, Sergio"]
[Black "Rodriguez Falcon, Jesus Manuel"]
[Result "1/2-1/2"]
[WhiteElo "2270"]
[BlackElo "1973"]
[PlyCount "60"]
[EventDate "2023.08.26"]
[EventType "swiss"]
[EventRounds "9"]
[EventCountry "ESP"]
[SourceTitle "EXT 2024"]
[Source "ChessBase"]
[SourceDate "2023.10.10"]
[SourceVersion "1"]
[SourceVersionDate "2023.10.10"]
[SourceQuality "1"]

1. d4 Nf6 2. Nf3 g6 3. c4 Bg7 4. Nc3 0-0 5. e4 d6 6. Be2 e5 7. d5 a5 8. Bg5 Na6 9. Nd2 h6 10. Be3 Bd7 11. a3 Nh7 12. Rb1 f5 13. f3 f4 14. Bf2 c5 15. dxc6 bxc6 16. b4 axb4 17. axb4 c5 18. bxc5 Nxc5 19. Nb5 Be6 20. 0-0 Rf7 21. Nb3 Bf8 22. Nxc5 dxc5 23. Qxd8 Rxd8 24. Rfd1 Rfd7 25. Rxd7 Rxd7 26. Nc3 Rd2 27. Rb6 Bf7 28. Bf1 Ng5 29. Nd5 Ne6 30. Rb1 Kg7 1/2-1/2

[Event "Tenerife-chT Preferente"]
[Site "Tenerife"]
[Date "2023.04.29"]
[Round "12"]
[White "Abreu Suarez, Isauro"]
[Black "Rodriguez Falcon, Jesus Manuel"]
[Result "0-1"]
[WhiteElo "1981"]
[BlackElo "1961"]
[PlyCount "78"]
[EventDate "2023.01.14"]
[EventType "team-tourn"]
[EventRounds "14"]
[EventCountry "ESP"]
[SourceTitle "EXT 2024"]
[Source "ChessBase"]
[SourceDate "2023.10.10"]
[SourceVersion "1"]
[SourceVersionDate "2023.10.10"]
[SourceQuality "1"]
[WhiteTeam "Canarias 64"]
[BlackTeam "El Sauzal Libreria Barco"]
[WhiteTeamCountry "ESP"]
[BlackTeamCountry "ESP"]

1. b3 c5 2. Bb2 Nc6 3. e3 d5 4. Bb5 Qb6 5. a4 Nf6 6. f4 Bf5 7. Nf3 a6 8. a5 Qc7 9. Bxc6+ bxc6 10. Ne5 h5 11. 0-0 e6 12. d3 Ng4 13. Qe1 Nxe5 14. Bxe5 Bd6 15. Bxg7 Rg8 16. Bb2 Qe7 17. Nd2 0-0-0 18. Kh1 Rg4 19. Rf2 Rdg8 20. e4 Bh7 21. e5 Bc7 22. Qe2 Kb7 23. d4 cxd4 24. Ba3 Qd8 25. Bc5 f6 26. Bxd4 fxe5 27. Bxe5 Bf5 28. b4 Bxc2 29. Ra2 Bxe5 30. fxe5 Be4 31. Rf7+ Kb8 32. Qxa6 Bxg2+ 33. Kg1 Bh3+ 34. Kf2 Qh4+ 35. Ke2 Re4+ 36. Kd1 Re1+ 37. Kc2 Bf5+ 38. Kb3 Qh3+ 39. Ka4 Bc2+ 0-1

[Event "Tenerife-chT Preferente"]
[Site "Tenerife"]
[Date "2023.03.25"]
[Round "9.3"]
[White "Rodriguez Falcon, Jesus Manuel"]
[Black "Verwilghen, Guy Stanislas E"]
[Result "1/2-1/2"]
[WhiteElo "1961"]
[BlackElo "1825"]
[PlyCount "68"]
[EventDate "2023.01.14"]
[EventType "team-tourn"]
[EventRounds "14"]
[EventCountry "ESP"]
[SourceTitle "EXT 2024"]
[Source "ChessBase"]
[SourceDate "2023.10.10"]
[SourceVersion "1"]
[SourceVersionDate "2023.10.10"]
[SourceQuality "1"]
[WhiteTeam "El Sauzal Libreria Barco"]
[BlackTeam "Rey Ahogado"]
[WhiteTeamCountry "ESP"]
[BlackTeamCountry "ESP"]

1. e4 b6 2. Nf3 Bb7 3. Nc3 e6 4. Bc4 Nf6 5. e5 Nd5 6. 0-0 Nxc3 7. bxc3 d5 8. exd6 Bxd6 9. d4 0-0 10. Bg5 Be7 11. Bf4 Bd6 12. Ne5 Nc6 13. Re1 Nxe5 14. dxe5 Bc5 15. Qg4 Kh8 16. Rad1 Qe8 17. Bd3 f5 18. exf6 Rxf6 19. Bg3 Qf7 20. Re2 Rf8 21. Rf1 e5 22. Qh4 e4 23. Bxe4 Bxe4 24. Qxe4 Qxa2 25. Bxc7 Bxf2+ 26. Kh1 Bc5 27. Rxf6 Rxf6 28. h3 h6 29. Be5 Rf1+ 30. Kh2 Qf7 31. Rd2 Bg1+ 32. Kg3 Bf2+ 33. Kh2 Bg1+ 34. Kg3 Bf2+ 1/2-1/2

[Event "Tenerife-chT Preferente"]
[Site "Tenerife"]
[Date "2023.01.21"]
[Round "2.3"]
[White "Medal Paves, Jose Maria"]
[Black "Rodriguez Falcon, Jesus Manuel"]
[Result "1-0"]
[WhiteElo "1947"]
[BlackElo "1961"]
[PlyCount "43"]
[EventDate "2023.01.14"]
[EventType "team-tourn"]
[EventRounds "14"]
[EventCountry "ESP"]
[SourceTitle "EXT 2024"]
[Source "ChessBase"]
[SourceDate "2023.10.10"]
[SourceVersion "1"]
[SourceVersionDate "2023.10.10"]
[SourceQuality "1"]
[WhiteTeam "Rey Ahogado"]
[BlackTeam "El Sauzal Libreria Barco"]
[WhiteTeamCountry "ESP"]
[BlackTeamCountry "ESP"]

1. e4 c5 2. Nc3 d6 3. f4 Nf6 4. Nf3 e6 5. Bc4 Nc6 6. 0-0 Be7 7. d3 0-0 8. Qe1 Nd4 9. Bb3 a6 10. Kh1 b5 11. Nxd4 cxd4 12. Ne2 e5 13. Ng3 Be6 14. Nf5 Qd7 15. fxe5 dxe5 16. Nxe7+ Qxe7 17. Bg5 Bxb3 18. cxb3 Qe6 19. Bxf6 gxf6 20. Qh4 Kg7 21. Rf3 a5 22. Rg3+ 1-0

[Event "Tenerife-chT Preferente"]
[Site "Tenerife"]
[Date "2022.01.29"]
[Round "1.3"]
[White "Amador Garcia, Ismael"]
[Black "Rodriguez Falcon, Jesus Manuel"]
[Result "1/2-1/2"]
[WhiteElo "2127"]
[BlackElo "1930"]
[PlyCount "71"]
[EventDate "2022.01.29"]
[EventType "team-tourn"]
[EventRounds "14"]
[EventCountry "ESP"]
[SourceTitle "EXT 2024"]
[Source "ChessBase"]
[SourceDate "2023.10.10"]
[SourceVersion "1"]
[SourceVersionDate "2023.10.10"]
[SourceQuality "1"]
[WhiteTeam "Ebano Barrio Nuevo"]
[BlackTeam "El Sauzal"]
[WhiteTeamCountry "ESP"]
[BlackTeamCountry "ESP"]

1. e4 c5 2. Nf3 d6 3. d4 cxd4 4. Nxd4 Nf6 5. Nc3 g6 6. Be3 Bg7 7. f3 Nc6 8. Qd2 0-0 9. 0-0-0 d5 10. Qe1 e5 11. Nxc6 bxc6 12. exd5 Nxd5 13. Bc4 Be6 14. Bc5 Qg5+ 15. Kb1 Nxc3+ 16. Qxc3 e4 17. Bd4 Bxd4 18. Qxd4 Bxc4 19. Qxc4 exf3 20. gxf3 Qb5 21. Qc3 Rad8 22. b3 Rd5 23. Rxd5 Qxd5 24. Re1 h5 25. a4 Qd7 26. Re5 Re8 27. Rxe8+ Qxe8 28. Qd3 Qe1+ 29. Kb2 a5 30. Qd8+ Kg7 31. Qd4+ Kg8 32. Qf6 c5 33. f4 Qd2 34. Qe5 Qf2 35. Qb8+ Kg7 36. Qe5+ 1/2-1/2

[Event "Tenerife-chT Preferente"]
[Site "Tenerife"]
[Date "2021.10.02"]
[Round "13.2"]
[White "Amador Garcia, Ismael"]
[Black "Rodriguez Falcon, Jesus Manuel"]
[Result "1/2-1/2"]
[WhiteElo "2115"]
[BlackElo "1888"]
[PlyCount "78"]
[EventDate "2021.02.27"]
[EventType "team-tourn"]
[EventRounds "14"]
[EventCountry "ESP"]
[SourceTitle "EXT 2023"]
[Source "ChessBase"]
[SourceDate "2022.10.05"]
[SourceVersion "1"]
[SourceVersionDate "2022.10.05"]
[SourceQuality "1"]
[WhiteTeam "Ebano Barrio Nuevo"]
[BlackTeam "El Sauzal Libreria Barco"]
[WhiteTeamCountry "ESP"]
[BlackTeamCountry "ESP"]

1. e4 c5 2. Nf3 d6 3. d4 cxd4 4. Nxd4 Nf6 5. Nc3 g6 6. Be3 Bg7 7. f3 Nc6 8. Qd2 0-0 9. 0-0-0 Nxd4 10. Bxd4 Qa5 11. Kb1 Re8 12. Bc4 Be6 13. Bxe6 fxe6 14. g4 Rac8 15. h4 Rc4 16. Ne2 Qxd2 17. Rxd2 a6 18. b3 Rc6 19. Be3 Rec8 20. h5 Kf7 21. c4 Nd7 22. Nd4 R6c7 23. hxg6+ hxg6 24. Rh7 Nf8 25. Rh1 e5 26. Ne2 b5 27. cxb5 axb5 28. Rd5 Ne6 29. Rhd1 Rc2 30. R1d2 Rxd2 31. Rxd2 Bf6 32. Rd5 Rb8 33. Nc3 b4 34. Na4 Bg5 35. Bb6 Nf4 36. Rd1 Ne2 37. Re1 Nc3+ 38. Nxc3 Bd2 39. Rf1 Bxc3 1/2-1/2

[Event "Tenerife-chT Primera 1920"]
[Site "Tenerife "]
[Date "2020.02.08"]
[Round "6.1"]
[White "Delgado Delgado, Jose Miguel"]
[Black "Rodriguez Falcon, Jesus Manuel"]
[Result "1-0"]
[WhiteElo "1796"]
[BlackElo "1916"]
[PlyCount "52"]
[EventDate "2019.11.30"]
[EventType "team-tourn"]
[EventRounds "14"]
[EventCountry "ESP"]
[SourceTitle "CBM 195 Extra"]
[Source "ChessBase"]
[SourceDate "2020.05.31"]
[SourceVersion "1"]
[SourceVersionDate "2020.05.31"]
[SourceQuality "1"]
[WhiteTeam "Playa San Juan"]
[BlackTeam "El Sauzal Libreria Barco II"]
[WhiteTeamCountry "ESP"]
[BlackTeamCountry "ESP"]

1. d4 Nf6 2. Nf3 g6 3. g3 Bg7 4. Bg2 0-0 5. 0-0 d6 6. c4 Nbd7 7. Nc3 e5 8. dxe5 dxe5 9. Qc2 c6 10. Rd1 Qc7 11. b3 Nc5 12. e4 Re8 13. Bb2 a5 14. Ba3 Ne6 15. Bd6 Qb6 16. Na4 Qa7 17. c5 Nd7 18. Rd3 h5 19. h4 Kh7 20. Rad1 Bf6 21. Kh2 Rg8 22. Nb6 Nxb6 23. cxb6 Qxb6 24. Bxe5 Bxe5 25. Nxe5 Qc7 26. f4 f6 1-0

[Event "Tenerife-chT Preferente 1920"]
[Site "Tenerife"]
[Date "2019.12.21"]
[Round "3.3"]
[White "Arnaiz Yanes, Miguel Angel"]
[Black "Rodriguez Falcon, Jesus Manuel"]
[Result "1/2-1/2"]
[WhiteElo "1897"]
[BlackElo "1916"]
[PlyCount "37"]
[EventDate "2019.11.30"]
[EventType "team-tourn"]
[EventRounds "14"]
[EventCountry "ESP"]
[SourceTitle "CBM 195 Extra"]
[Source "ChessBase"]
[SourceDate "2020.05.31"]
[SourceVersion "1"]
[SourceVersionDate "2020.05.31"]
[SourceQuality "1"]
[WhiteTeam "Canarias 64"]
[BlackTeam "El Sauzal Libreria Barco"]
[WhiteTeamCountry "ESP"]
[BlackTeamCountry "ESP"]

1. d4 d5 2. Nf3 Nf6 3. Bg5 e6 4. e3 Be7 5. Bd3 Nbd7 6. Nbd2 c5 7. c3 0-0 8. 0-0 b6 9. Rc1 Bb7 10. Re1 Ne4 11. Bxe7 Qxe7 12. a3 f5 13. Nf1 Rad8 14. Bb5 Rf6 15. Qa4 a5 16. b4 axb4 17. axb4 Ra8 18. Qc2 c4 19. Bxd7 1/2-1/2

[Event "Las Palmas Isla Bonita op 4th"]
[Site "Las Palmas"]
[Date "2019.04.17"]
[Round "7.9"]
[White "Leon Varela, Luis"]
[Black "Rodriguez Falcon, Jesus Manuel"]
[Result "1-0"]
[WhiteElo "2154"]
[BlackElo "1936"]
[PlyCount "64"]
[EventDate "2019.04.13"]
[EventType "swiss"]
[EventRounds "7"]
[EventCountry "ESP"]
[SourceTitle "CBM 190 Extra"]
[Source "ChessBase"]
[SourceDate "2019.07.15"]
[SourceVersion "1"]
[SourceVersionDate "2019.07.15"]
[SourceQuality "1"]

1. Nf3 c5 2. g3 g6 3. c4 Bg7 4. Nc3 b6 5. b3 Bb7 6. Bg2 d6 7. Bb2 Nc6 8. 0-0 Nh6 9. e3 0-0 10. d4 a6 11. Qd2 Nf5 12. d5 Ne5 13. Nxe5 dxe5 14. Qe2 Qc7 15. Rad1 Rad8 16. Ne4 h6 17. Rde1 Kh7 18. h4 Nd6 19. h5 Nf5 20. g4 Nh4 21. Bh1 f5 22. hxg6+ Nxg6 23. gxf5 Rxf5 24. Ng3 Rg5 25. Be4 Bc8 26. Kg2 Kg8 27. Rh1 Bg4 28. Qc2 Qd6 29. Reg1 Rf8 30. Kf1 Bf3 31. Bxf3 Rxf3 32. Ne4 Rf8 1-0

[Event "Tenerife-chT Preferente 1819"]
[Site "Tenerife"]
[Date "2019.04.06"]
[Round "13.4"]
[White "Guillermo Gonzalez, Alvaro"]
[Black "Rodriguez Falcon, Jesus Manuel"]
[Result "1/2-1/2"]
[WhiteElo "1956"]
[BlackElo "1944"]
[PlyCount "55"]
[EventDate "2018.11.24"]
[EventType "team-tourn"]
[EventRounds "14"]
[EventCountry "ESP"]
[SourceTitle "EXT 2021"]
[Source "ChessBase"]
[SourceDate "2020.10.23"]
[SourceVersion "1"]
[SourceVersionDate "2020.10.23"]
[SourceQuality "1"]
[WhiteTeam "Fundacion La Caja de Canarias"]
[BlackTeam "El Sauzal Libreria Barco"]
[WhiteTeamCountry "ESP"]
[BlackTeamCountry "ESP"]

1. e4 c5 2. Nf3 d6 3. d4 cxd4 4. Nxd4 Nf6 5. Nc3 g6 6. Be3 Bg7 7. f3 Nc6 8. Qd2 0-0 9. Bc4 Bd7 10. 0-0-0 Rc8 11. Bb3 Ne5 12. h4 h5 13. Rdg1 Qa5 14. Kb1 Rfe8 15. Bh6 Nc4 16. Bxc4 Rxc4 17. Bxg7 Kxg7 18. g4 Rxc3 19. bxc3 hxg4 20. h5 Rh8 21. hxg6 Rxh1 22. Rxh1 fxg6 23. Qh6+ Kf7 24. Qh8 Qxc3 25. Rh7+ Nxh7 26. Qxh7+ Kf8 27. Qh8+ Kf7 28. Qh7+ 1/2-1/2

[Event "Tenerife-chT Preferente 1819"]
[Site "Tenerife"]
[Date "2019.03.16"]
[Round "10.4"]
[White "Mendez Acosta, Alexander Jesus"]
[Black "Rodriguez Falcon, Jesus Manuel"]
[Result "1/2-1/2"]
[WhiteElo "1976"]
[BlackElo "1944"]
[PlyCount "65"]
[EventDate "2018.11.24"]
[EventType "team-tourn"]
[EventRounds "14"]
[EventCountry "ESP"]
[SourceTitle "CBM 189 Extra"]
[Source "ChessBase"]
[SourceDate "2019.06.03"]
[SourceVersion "1"]
[SourceVersionDate "2019.06.03"]
[SourceQuality "1"]
[WhiteTeam "Al Shah Mat Los Realejos"]
[BlackTeam "El Sauzal Libreria Barco"]
[WhiteTeamCountry "ESP"]
[BlackTeamCountry "ESP"]

1. c4 Nf6 2. Nf3 g6 3. b3 Bg7 4. Bb2 0-0 5. e3 d6 6. Be2 e5 7. d4 e4 8. Nfd2 Re8 9. Nc3 c6 10. d5 Nbd7 11. Qc2 Qe7 12. b4 a5 13. a3 axb4 14. axb4 Rxa1+ 15. Bxa1 cxd5 16. cxd5 Nb6 17. 0-0 Nbxd5 18. Ndxe4 Nxb4 19. Nxf6+ Qxf6 20. Qa4 Nc6 21. Bf3 Bd7 22. Nd5 Qd8 23. Bxg7 Kxg7 24. Rd1 Ne5 25. Qd4 f6 26. Be2 Be6 27. Nf4 Nf7 28. Bb5 Re7 29. h4 Qa5 30. Nxe6+ Rxe6 31. Bc4 Re7 32. Bxf7 Kxf7 33. Qxd6 1/2-1/2

[Event "Tenerife-chT Primera 1819"]
[Site "Tenerife"]
[Date "2019.02.16"]
[Round "8.1"]
[White "Rodriguez Falcon, Jesus Manuel"]
[Black "Korneev, Svyatoslav"]
[Result "1-0"]
[WhiteElo "1944"]
[BlackElo "2132"]
[PlyCount "111"]
[EventDate "2018.11.24"]
[EventType "team-tourn"]
[EventRounds "14"]
[EventCountry "ESP"]
[SourceTitle "CBM 189 Extra"]
[Source "ChessBase"]
[SourceDate "2019.06.03"]
[SourceVersion "1"]
[SourceVersionDate "2019.06.03"]
[SourceQuality "1"]
[WhiteTeam "El Sauzal Libreria Barco"]
[BlackTeam "Puerto de la Cruz Piratas"]
[WhiteTeamCountry "ESP"]
[BlackTeamCountry "ESP"]

1. e4 e6 2. d4 d5 3. Nd2 c5 4. exd5 Qxd5 5. Ngf3 cxd4 6. Bc4 Qd6 7. 0-0 Nf6 8. Nb3 Nc6 9. Nbxd4 Nxd4 10. Nxd4 a6 11. Re1 Qc7 12. Qe2 Be7 13. Bg5 0-0 14. Rad1 Re8 15. h4 h6 16. Bc1 e5 17. Nb3 e4 18. Qf1 Ng4 19. g3 Bxh4 20. Bf4 Qxf4 21. gxf4 Bxf2+ 22. Qxf2 Nxf2 23. Kxf2 Bf5 24. Nd4 Bg4 25. Rd2 Rad8 26. c3 b5 27. Bb3 g6 28. Ke3 Rd6 29. Bd1 Bc8 30. Rh1 h5 31. Rg2 Kf8 32. Rg5 f5 33. Rhg1 Kf7 34. Bb3+ Kg7 35. Rxh5 Rf6 36. Rh2 Rh8 37. Rxh8 Kxh8 38. Ne2 Kg7 39. Rd1 Rf8 40. Rd6 Rh8 41. Rc6 Kh6 42. Bf7 Rd8 43. Nd4 Kh5 44. Rxg6 Kh4 45. Rg8 Rd7 46. Be6 Rxd4 47. cxd4 Bxe6 48. Rg6 Bxa2 49. Rxa6 Bc4 50. Rc6 Kh5 51. Rc5 Kg6 52. Re5 Kf6 53. d5 b4 54. Kd4 Bb5 55. Kc5 Ba6 56. Re6+ 1-0

[Event "Tenerife-chT Preferente 1819"]
[Site "Tenerife"]
[Date "2018.12.01"]
[Round "2.4"]
[White "Iglesias Santos, David"]
[Black "Rodriguez Falcon, Jesus Manuel"]
[Result "1-0"]
[WhiteElo "1902"]
[BlackElo "1944"]
[PlyCount "39"]
[EventDate "2018.11.24"]
[EventType "team-tourn"]
[EventRounds "14"]
[EventCountry "ESP"]
[SourceTitle "CBM 189 Extra"]
[Source "ChessBase"]
[SourceDate "2019.06.03"]
[SourceVersion "1"]
[SourceVersionDate "2019.06.03"]
[SourceQuality "1"]
[WhiteTeam "Laguna Cotelec"]
[BlackTeam "El Sauzal Libreria Barco"]
[WhiteTeamCountry "ESP"]
[BlackTeamCountry "ESP"]

1. d4 d5 2. c4 c6 3. Nf3 Nf6 4. Qc2 g6 5. g3 Bg7 6. Bg2 Bf5 7. Qb3 Qb6 8. Nc3 0-0 9. 0-0 dxc4 10. Qxc4 Rd8 11. Rd1 Qa6 12. Ne5 Be6 13. Qxa6 Nxa6 14. e4 Nb4 15. Rd2 Rac8 16. a3 Rxd4 17. axb4 Rxd2 18. Bxd2 Nxe4 19. Nxe4 Bxe5 20. Bc3 1-0

[Event "Tenerife-chT3 1718"]
[Site "Tenerife"]
[Date "2018.05.19"]
[Round "18.1"]
[White "Rodriguez Falcon, Jesus Manuel"]
[Black "Portero Rodriguez, Diego"]
[Result "1-0"]
[WhiteElo "1961"]
[BlackElo "1356"]
[PlyCount "35"]
[EventDate "2017.11.11"]
[EventType "team-tourn"]
[EventRounds "18"]
[EventCountry "ESP"]
[SourceTitle "EXT 2021"]
[Source "ChessBase"]
[SourceDate "2020.10.23"]
[SourceVersion "1"]
[SourceVersionDate "2020.10.23"]
[SourceQuality "1"]
[WhiteTeam "El Sauzal Gofio Plus"]
[BlackTeam "Santa Ursula Badnor"]
[WhiteTeamCountry "ESP"]
[BlackTeamCountry "ESP"]

1. e4 e5 2. Nf3 Nc6 3. d4 exd4 4. Nxd4 Nf6 5. Nxc6 dxc6 6. Qxd8+ Kxd8 7. Nc3 Bb4 8. Bg5 h6 9. 0-0-0+ Ke7 10. Bf4 Rd8 11. Bc4 Rxd1+ 12. Rxd1 Ba5 13. f3 b5 14. Bb3 Be6 15. Ne2 Bxb3 16. axb3 Rd8 17. Nd4 Kf8 18. Ne6+ 1-0

[Event "Tenerife-chT Primera 1718"]
[Site "Tenerife"]
[Date "2018.02.10"]
[Round "9.3"]
[White "Rodriguez Falcon, Jesus Manuel"]
[Black "Perez Garcia, Saul"]
[Result "1-0"]
[WhiteElo "1961"]
[BlackElo "1767"]
[PlyCount "65"]
[EventDate "2017.11.11"]
[EventType "team-tourn"]
[EventRounds "14"]
[EventCountry "ESP"]
[SourceTitle "CBM 187 Extra"]
[Source "ChessBase"]
[SourceDate "2018.11.04"]
[SourceVersion "1"]
[SourceVersionDate "2018.11.04"]
[SourceQuality "1"]
[WhiteTeam "El Sauzal Gofio Plus II"]
[BlackTeam "Ebano Casa Venezuela III"]
[WhiteTeamCountry "ESP"]
[BlackTeamCountry "ESP"]

1. e4 c5 2. Nf3 d6 3. d3 g6 4. g3 Bg7 5. Bg2 Nc6 6. 0-0 e6 7. Re1 Nge7 8. c3 0-0 9. Na3 d5 10. e5 a6 11. d4 b5 12. Nc2 a5 13. Bf4 b4 14. a3 Ba6 15. Qd2 b3 16. Ne3 Qb6 17. Ng4 Qb5 18. Bf1 Qb8 19. Nf6+ Kh8 20. Bxa6 Rxa6 21. Nd7 Qc8 22. Nxc5 Rb6 23. a4 Nd8 24. Ra3 Ng8 25. Nxb3 Qb8 26. Qd1 Nc6 27. Bc1 Rd8 28. Ng5 Rd7 29. Nc5 Rc7 30. Qf3 Nd8 31. Qe2 Bf8 32. Ra2 Nb7 33. Na6 1-0

[Event "Tenerife-chT Primera 1718"]
[Site "Tenerife"]
[Date "2017.12.02"]
[Round "3.3"]
[White "Rodriguez Falcon, Jesus Manuel"]
[Black "Afonso Martin, Adasat"]
[Result "1/2-1/2"]
[WhiteElo "1961"]
[BlackElo "1552"]
[PlyCount "69"]
[EventDate "2017.11.11"]
[EventType "team-tourn"]
[EventRounds "14"]
[EventCountry "ESP"]
[SourceTitle "CBM 187 Extra"]
[Source "ChessBase"]
[SourceDate "2018.11.04"]
[SourceVersion "1"]
[SourceVersionDate "2018.11.04"]
[SourceQuality "1"]
[WhiteTeam "El Sauzal Gofio Plus II"]
[BlackTeam "La Victoria 94 II"]
[WhiteTeamCountry "ESP"]
[BlackTeamCountry "ESP"]

1. e4 c5 2. Nf3 d6 3. d4 cxd4 4. Nxd4 Nf6 5. Nc3 a6 6. Be3 e5 7. Nb3 Be6 8. f3 Be7 9. g4 d5 10. g5 d4 11. gxf6 Bxf6 12. Bf2 dxc3 13. Qxd8+ Bxd8 14. bxc3 Nd7 15. 0-0-0 Rc8 16. Kb2 Be7 17. h4 0-0 18. Bh3 Bxh3 19. Rxh3 Nc5 20. Bxc5 Bxc5 21. Rd5 Be7 22. Rd7 Bf6 23. Rxb7 Rc6 24. Nc1 Rfc8 25. Ne2 Bd8 26. f4 Rc4 27. Rb4 a5 28. Rxc4 Rxc4 29. fxe5 Rxe4 30. Nd4 Rxe5 31. Nc6 Rb5+ 32. Ka3 Bc7 33. Rd3 Rc5 34. Ne7+ Kf8 35. Nd5 1/2-1/2

[Event "Tenerife-chT Primera 1718"]
[Site "Tenerife"]
[Date "2017.11.18"]
[Round "2.2"]
[White "Rodriguez Falcon, Jesus Manuel"]
[Black "Jimenez Arteaga, Angel"]
[Result "1-0"]
[WhiteElo "1961"]
[BlackElo "1807"]
[PlyCount "75"]
[EventDate "2017.11.11"]
[EventType "team-tourn"]
[EventRounds "14"]
[EventCountry "ESP"]
[SourceTitle "CBM 187 Extra"]
[Source "ChessBase"]
[SourceDate "2018.11.04"]
[SourceVersion "1"]
[SourceVersionDate "2018.11.04"]
[SourceQuality "1"]
[WhiteTeam "El Sauzal Gofio Plus II"]
[BlackTeam "Ebano Casa Venezuela III"]
[WhiteTeamCountry "ESP"]
[BlackTeamCountry "ESP"]

1. e4 Nf6 2. e5 Nd5 3. d4 d6 4. exd6 exd6 5. c4 Nb6 6. Nc3 Nc6 7. Be3 Be7 8. Rc1 0-0 9. b3 Bf6 10. Be2 Bf5 11. Nf3 Re8 12. 0-0 d5 13. c5 Nc8 14. a3 a6 15. b4 N8e7 16. Qb3 Na7 17. a4 c6 18. Rfd1 Ng6 19. b5 axb5 20. axb5 Nc8 21. Ra1 Nce7 22. Ra4 Rxa4 23. Qxa4 Qd7 24. Ra1 Nc8 25. Na2 Qe6 26. Nb4 Nge7 27. b6 Ng6 28. Qb3 Nce7 29. Ra7 Rb8 30. Qa4 Qc8 31. Nd2 Qd7 32. Ra8 Rxa8 33. Qxa8+ Nf8 34. Ba6 Qe6 35. Qxb7 Bxd4 36. Bxd4 Qe1+ 37. Nf1 Qxb4 38. Qxe7 1-0

[Event "Tenerife-chT Preferente 1516"]
[Site "Tenerife"]
[Date "2016.04.09"]
[Round "12.3"]
[White "Rodriguez Falcon, Jesus Manuel"]
[Black "Padilla Mendez, Vicente"]
[Result "1-0"]
[WhiteElo "1981"]
[BlackElo "1870"]
[PlyCount "63"]
[EventDate "2015.12.12"]
[EventType "team-tourn"]
[EventRounds "14"]
[EventCountry "ESP"]
[SourceTitle "EXT 2017"]
[Source "ChessBase"]
[SourceDate "2016.10.25"]
[SourceVersion "1"]
[SourceVersionDate "2016.10.25"]
[SourceQuality "1"]
[WhiteTeam "El Sauzal"]
[BlackTeam "La Gomera"]
[WhiteTeamCountry "ESP"]
[BlackTeamCountry "ESP"]

1. e4 c5 2. Nf3 e6 3. d3 Nc6 4. g3 Nf6 5. Bg2 d5 6. Nbd2 Be7 7. 0-0 0-0 8. Re1 d4 9. e5 Nd5 10. h4 f5 11. exf6 Nxf6 12. Ng5 e5 13. Nc4 h6 14. Nh3 Bg4 15. f3 Bd7 16. Kh2 Qc7 17. Nf2 b5 18. Nd2 Rae8 19. Nde4 Nb4 20. Bh3 Bxh3 21. Kxh3 Nbd5 22. Nxf6+ Nxf6 23. Qe2 Bd6 24. Ne4 Qc8+ 25. Kg2 Bb8 26. Bd2 Re6 27. c3 Rf7 28. Rac1 Qf8 29. a3 Nd5 30. c4 bxc4 31. Rxc4 Rg6 32. h5 1-0